| 000 | 00400pab a2200169 454500 | ||
|---|---|---|---|
| 008 | 180718b1999 xxu||||| |||| 00| 0 eng d | ||
| 100 | _aVenkata Subramanian, A.K. | ||
| 245 | _aFrom consumers to concerned citizens | ||
| 260 | _c1999 | ||
| 300 | _ap.10 | ||
| 362 | _a15 Mar | ||
| 650 | _aConsumers | ||
| 650 | _aConsumer education | ||
| 650 | _aConsumption | ||
| 773 | _aHindu | ||
| 909 | _a40947 | ||
| 999 |
_c40947 _d40947 |
||